| 000 | 00571 a2200205 4500 | ||
|---|---|---|---|
| 999 |
_c32072 _d32072 |
||
| 003 | OSt | ||
| 005 | 20260117121819.0 | ||
| 008 | 260117b ||||| |||| 00| 0 eng d | ||
| 020 | _a978-81-315-2592-0 | ||
| 040 | _c. | ||
| 082 |
_a658.4012 _bM745 |
||
| 100 |
_96511 _aMonk, Ellen |
||
| 245 |
_aConcepts in Enterprise Resource Planning / _cby Ellen Monk and Bret Wagner |
||
| 250 | _a4th ed. | ||
| 260 |
_bCengage Learning India pvt ltd, _aDelhi : _c2013. |
||
| 300 | _a254 p. | ||
| 650 | 0 |
_96512 _aResource Planning |
|
| 700 |
_96513 _aWagner, Bret |
||
| 942 |
_2ddc _cBK |
||